000
00253nam a2200097Ia 4500
082
_a
J 546.734 LEW
245
0
_a
Iodine
100
_a
LEW, Kristi New York, 2009 1st ed
_9
94841
942
_c
BK
008
210817s9999 xx 000 0 und d
999
_c
389733
_d
389732